| 000 | 01710nam a2200385Ia 4500 | ||
|---|---|---|---|
| 001 | ebr10275475 | ||
| 003 | CaPaEBR | ||
| 006 | m u | ||
| 007 | cr cn||||||||| | ||
| 008 | 070619s2007 bcca sb 001 0 eng d | ||
| 020 | _z9780774813549 | ||
| 020 | _z0774813547 | ||
| 040 |
_aCaPaEBR _cCaPaEBR |
||
| 035 | _a(OCoLC)311308131 | ||
| 050 | 1 | 4 |
_aSK151 _b.G55 2007eb |
| 100 | 1 |
_aGillespie, Greg, _d1973- |
|
| 245 | 1 | 0 |
_aHunting for empire _h[electronic resource] : _bnarratives of sport in Rupert's Land, 1840-70 / _cGreg Gillespie ; foreword by Graeme Wynn. |
| 246 | 3 | 0 | _aNarratives of sport in Rupert's Land, 1840-70 |
| 246 | 3 | _aNarratives of sport in Rupert's Land, 1840-1870 | |
| 260 |
_aVancouver : _bUBC Press, _cc2007. |
||
| 300 |
_axxvii, 172 p. : _bill. |
||
| 490 | 1 |
_aNature, history, society, _x1713-6687 |
|
| 504 | _aIncludes bibliographical references (p. [149]-161) and index. | ||
| 533 |
_aElectronic reproduction. _bPalo Alto, Calif. : _cebrary, _d2011. _nAvailable via World Wide Web. _nAccess may be limited to ebrary affiliated libraries. |
||
| 650 | 0 |
_aBig game hunting _zPrairie Provinces _xHistory _y19th century. |
|
| 650 | 0 |
_aBritish _zCanada _xHistory _y19th century. |
|
| 650 | 0 |
_aTravelers' writings, British _y19th century _xHistory and criticism. |
|
| 650 | 0 |
_aImperialism _xHistory _y19th century. |
|
| 651 | 0 |
_aGreat Britain _xColonies _zAmerica _xHistory _y19th century. |
|
| 651 | 0 |
_aRupert's Land _xDescription and travel. |
|
| 655 | 7 |
_aElectronic books. _2local |
|
| 710 | 2 | _aebrary, Inc. | |
| 830 | 0 | _aNature, history, society. | |
| 856 | 4 | 0 |
_uhttp://site.ebrary.com/lib/rucke/Doc?id=10275475 _zAn electronic book accessible through the World Wide Web; click to view |
| 999 |
_c5965 _d5965 |
||